<?xml version="1.0" encoding="UTF-8"?><?xml-stylesheet type="text/xsl" href="static/style.xsl"?><OAI-PMH xmlns="http://www.openarchives.org/OAI/2.0/" xmlns:xsi="http://www.w3.org/2001/XMLSchema-instance" xsi:schemaLocation="http://www.openarchives.org/OAI/2.0/ http://www.openarchives.org/OAI/2.0/OAI-PMH.xsd"><responseDate>2026-04-14T06:50:03Z</responseDate><request verb="GetRecord" identifier="oai:www.recercat.cat:2117/432803" metadataPrefix="marc">https://recercat.cat/oai/request</request><GetRecord><record><header><identifier>oai:recercat.cat:2117/432803</identifier><datestamp>2025-07-22T16:16:17Z</datestamp><setSpec>com_2072_1033</setSpec><setSpec>col_2072_452951</setSpec></header><metadata><record xmlns="http://www.loc.gov/MARC21/slim" xmlns:dcterms="http://purl.org/dc/terms/" xmlns:xsi="http://www.w3.org/2001/XMLSchema-instance" xmlns:doc="http://www.lyncode.com/xoai" xsi:schemaLocation="http://www.loc.gov/MARC21/slim http://www.loc.gov/standards/marcxml/schema/MARC21slim.xsd">
   <leader>00925njm 22002777a 4500</leader>
   <datafield ind2=" " ind1=" " tag="042">
      <subfield code="a">dc</subfield>
   </datafield>
   <datafield ind2=" " ind1=" " tag="720">
      <subfield code="a">Cid Torren, Ferran</subfield>
      <subfield code="e">author</subfield>
   </datafield>
   <datafield ind2=" " ind1=" " tag="260">
      <subfield code="c">2025-01-28</subfield>
   </datafield>
   <datafield ind2=" " ind1=" " tag="520">
      <subfield code="a">Entendre els mecanismes que dirigeixen l’activitat neuronal és essencial per estudiar funcionalitats més avancades del cervell. Aquesta tesi, fonamentada en la neurociència bottom-up, indaga en aquest fenomen a través de cultivar neurones en matrius de microelèctrodes de semiconductors d’òxid de metall complementaris (CMOS MEA) per enregistrar la seva activitat electrofisiològica. S’ha desenvolupat un nou dataset per tal d’explorar les dinàmiques neuronals, el que ha permès entrenar models d’aprenentatge profund (deep learning) que repliquen el comportament de les neurones aïllades. Basant-se en els coneixements de la publicació "Single Cortical Neurons as Deep Artificial Neural Networks", aquest treball n’amplia l’abast, modelant dades biològiques utilitzant una arquitectura de transformer per sèries temporals que respongui preguntes claus en el processament d’informació neuronal, incloent la distribució de la codificació en les spikes neuronals, l’abast temporal de la memòria de les neurones i els patrons governant aquest comportament. A través de la implementació i avaluació de diferents configuracions de l’arquitectura, aquest estudi aporta una visió justificada amb dades de com funcionen les neurones. Els resultats remarquen el potencial dels models funcionals per les dinàmiques neuronals, connecten sistemes d’intel·ligència biològica i artificial i insinuen on es podrien trobar les respostes a aquestes preguntes.</subfield>
   </datafield>
   <datafield ind2=" " ind1=" " tag="520">
      <subfield code="a">Entender los mecanismos que dirigen la actividad neuronal es esencial para estudiar funcionalidades más avanzadas del cerebro. Esta tesis, fundamentada en la neurociencia bottom-up, indaga en este fenómeno a través del cultivo de neuronas en matrices de microelectrodos de semiconductores de óxido metálico complementarios (CMOS MEA) para registrar su actividad electrofisiológica. Se ha desarrollado un nuevo dataset con el objetivo de explorar las dinámicas neuronales, lo que ha permitido entrenar modelos de aprendizaje profundo (deep learning) que replican el comportamiento de las neuronas aisladas. Basándose en los conocimientos de la publicación "Single Cortical Neurons as Deep Artificial Neural Networks", este trabajo amplía su alcance, modelando datos biológicos mediante una arquitectura transformer para series temporales que responda a preguntas clave en el procesamiento de información neuronal, incluyendo la distribución de la codificación en los spikes neuronales, el alcance temporal de la memoria de las neuronas y los patrones que gobiernan este comportamiento. A través de la implementación y evaluación de diferentes configuraciones de la arquitectura, este estudio aporta una visión fundamentada con datos sobre cómo funcionan las neuronas. Los resultados destacan el potencial de los modelos funcionales para las dinámicas neuronales, conectan sistemas de inteligencia biológica y artificial, y sugieren dónde podrían encontrarse las respuestas a estas preguntas.</subfield>
   </datafield>
   <datafield ind2=" " ind1=" " tag="520">
      <subfield code="a">Understanding the mechanisms underlying neuronal spiking activity is essential to study higher-level brain functionalities. This thesis, rooted in bottom-up neuroscience, investigates this phenomenon by culturing neurons on CMOS microelectrode array (MEA) chips to record their electrophysiological activity. A novel dataset was curated to rigorously explore neuronal dynamics and it enabled the training of deep learning models that aimed to replicate single-neuron activity. Building on insights from the paper "Single Cortical Neurons as Deep Artificial Neural Networks", this work extends the scope by modeling biological data using the time-series transformer architecture to address key questions in neural information processing, including the distribution and encoding of information within neuronal spikes, the temporal extent of neuronal memory, and the patterns underlying spiking behavior. Through the implementation and testing of multiple transformer configurations, this study provides a data - driven perspective on how neurons function. The results underscore the potential of functional modelling for neuronal dynamics, bridge biological and artificial intelligence systems and insinuate where the answers to these questions might lie.</subfield>
   </datafield>
   <datafield tag="653" ind2=" " ind1=" ">
      <subfield code="a">Àrees temàtiques de la UPC::Informàtica::Intel·ligència artificial::Aprenentatge automàtic</subfield>
   </datafield>
   <datafield tag="653" ind2=" " ind1=" ">
      <subfield code="a">Computational neuroscience</subfield>
   </datafield>
   <datafield tag="653" ind2=" " ind1=" ">
      <subfield code="a">Neural networks (Computer science)</subfield>
   </datafield>
   <datafield tag="653" ind2=" " ind1=" ">
      <subfield code="a">Deep learning (Machine learning)</subfield>
   </datafield>
   <datafield tag="653" ind2=" " ind1=" ">
      <subfield code="a">Functional modelling</subfield>
   </datafield>
   <datafield tag="653" ind2=" " ind1=" ">
      <subfield code="a">Spiking activity</subfield>
   </datafield>
   <datafield tag="653" ind2=" " ind1=" ">
      <subfield code="a">Time - series transformer</subfield>
   </datafield>
   <datafield tag="653" ind2=" " ind1=" ">
      <subfield code="a">Neural computation</subfield>
   </datafield>
   <datafield tag="653" ind2=" " ind1=" ">
      <subfield code="a">CMOS MEA</subfield>
   </datafield>
   <datafield tag="653" ind2=" " ind1=" ">
      <subfield code="a">Engineered biological neural networks</subfield>
   </datafield>
   <datafield tag="653" ind2=" " ind1=" ">
      <subfield code="a">Modelos funcionales</subfield>
   </datafield>
   <datafield tag="653" ind2=" " ind1=" ">
      <subfield code="a">Actividad neuronal</subfield>
   </datafield>
   <datafield tag="653" ind2=" " ind1=" ">
      <subfield code="a">Transformer para series temporales</subfield>
   </datafield>
   <datafield tag="653" ind2=" " ind1=" ">
      <subfield code="a">Computación neuronal</subfield>
   </datafield>
   <datafield tag="653" ind2=" " ind1=" ">
      <subfield code="a">CMOS MEA</subfield>
   </datafield>
   <datafield tag="653" ind2=" " ind1=" ">
      <subfield code="a">Redes neuronales biológicamente diseñadas</subfield>
   </datafield>
   <datafield tag="653" ind2=" " ind1=" ">
      <subfield code="a">Aprenentatge automàtic -- PFC</subfield>
   </datafield>
   <datafield tag="653" ind2=" " ind1=" ">
      <subfield code="a">Electrofisiologia -- PFC</subfield>
   </datafield>
   <datafield tag="653" ind2=" " ind1=" ">
      <subfield code="a">Enginyeria biomèdica -- PFC</subfield>
   </datafield>
   <datafield tag="653" ind2=" " ind1=" ">
      <subfield code="a">Neurociències -- PFC</subfield>
   </datafield>
   <datafield tag="653" ind2=" " ind1=" ">
      <subfield code="a">Xarxes neuronals (Informàtica) -- PFC</subfield>
   </datafield>
   <datafield tag="653" ind2=" " ind1=" ">
      <subfield code="a">Neurociència computacional</subfield>
   </datafield>
   <datafield tag="653" ind2=" " ind1=" ">
      <subfield code="a">Xarxes neuronals (Informàtica)</subfield>
   </datafield>
   <datafield tag="653" ind2=" " ind1=" ">
      <subfield code="a">Aprenentatge profund</subfield>
   </datafield>
   <datafield ind2="0" ind1="0" tag="245">
      <subfield code="a">Understanding information encoding in single neuron pairs with functional modeling</subfield>
   </datafield>
</record></metadata></record></GetRecord></OAI-PMH>